Competitive programming 4 : the lower bound of programming contests in the 2020s /

Bibliographische Detailangaben
1. Verfasser: Halim, Steven
Weitere Verfasser: Halim, Felix
Format: Buch
Sprache:English
Veröffentlicht: United States, UK : Ingram content group, 2020.
Schlagworte:
Classic Catalogue: View this record in Classic Catalogue
LEADER 03981nam a22003977a 4500
001 41323
003 BD-DhAAL
005 20260205113358.0
008 230604t2020 us a|||| b||| 00| 0 eng d
020 |a 9781716745515 
040 |a BD-DhAAL  |c BD-DhAAL 
082 4 |a 005.265  |2 20 
100 1 |a Halim, Steven.  |9 36590 
245 1 0 |a Competitive programming 4 :  |b the lower bound of programming contests in the 2020s /  |h Book 2, chapter 5-9,  |c Steven Halim, Felix Halim and Suhendry Effendy. 
260 |a United States, UK :  |b Ingram content group,  |c 2020. 
300 |a viii, 273-616 pages :  |b illustrations ;  |c 21 cm. 
500 |a Cover title Book 1, chapter 1-4; Book 2, chapter 5-9 Handbook for IOI and ICPC contestants, and for Computer science enthusiast. 
504 |a Includes bibliographical references and index. 
526 8 |a CSE  |x Md. Imran Bin Azad Senior Lecturer Department of Computer Science and Engineering Course Name and No. : Algorithms Theory & Algorithms Laboratory (CSE221) 
541 1 |a Karim International, Hye Trade International  |e 41323, 41324, 45318, 45319, 45320, 45321, 45322 
650 0 |a Computer programming  |v Handbooks, manuals, etc. 
650 0 |a Computer programming. 
650 0 |a Competitive Programming.  |9 29898 
650 |a Computer science. 
700 1 |a Halim, Felix 
700 1 |a Halim, Felix 
852 |a Ayesha Abed Library  |c General Stacks 
942 |2 ddc  |c BK 
999 |c 44833  |d 44833 
952 |0 0  |1 0  |2 ddc  |4 0  |6 005_265000000000000_HAL  |7 0  |9 73713  |a BRACUL  |b BRACUL  |c GEN  |d 2023-05-31  |e Karim International  |g 3520.00  |l 3  |m 10  |o 005.265 HAL  |p 3010041323  |q 2026-06-02  |r 2026-05-21  |s 2026-05-21  |t 1  |v 3520.00  |w 2023-05-31  |y BK 
952 |0 0  |1 0  |2 ddc  |4 0  |6 005_265000000000000_HAL  |7 0  |9 73737  |a BRACUL  |b BRACUL  |c GEN  |d 2023-05-31  |e Karim International  |g 3520.00  |l 7  |m 69  |o 005.265 HAL  |p 3010041324  |r 2026-02-24  |s 2026-02-24  |t 2  |v 3520.00  |w 2023-05-31  |y BK 
952 |0 0  |1 0  |2 ddc  |4 0  |6 005_265000000000000_HAL  |7 0  |9 78731  |a BRACUL  |b BRACUL  |c GEN  |d 2026-01-29  |e Book Finder International   |g 3338.00  |l 0  |o 005.265 HAL  |p 3010045320  |r 2026-01-29  |t 5  |v 6676.00  |w 2026-01-29  |y BK  |x Requisitioned by Md. Imran Bin Azad (Senior Lecturer, Department of Computer Science and Engineering, BRAC University) for the course named - Algorithms Theory & Algorithms Laboratory (CSE221) 
952 |0 0  |1 0  |2 ddc  |4 0  |6 005_265000000000000_HAL  |7 0  |9 78732  |a BRACUL  |b BRACUL  |c CIR  |d 2026-01-29  |e Hye Trade International  |g 3338.00  |l 0  |o 005.265 HAL  |p 3010045318  |r 2026-01-29  |t 3  |v 6676.00  |w 2026-01-29  |y 1HOUR  |x Requisitioned by Md. Imran Bin Azad (Senior Lecturer, Department of Computer Science and Engineering, BRAC University) for the course named - Algorithms Theory & Algorithms Laboratory(CSE221); As instructed by the University Librarian, the book has been placed on a one-hour loan period following the receipt of five copies. 
952 |0 0  |1 0  |2 ddc  |4 0  |6 005_265000000000000_HAL  |7 0  |9 78733  |a BRACUL  |b BRACUL  |c GEN  |d 2026-01-29  |e Book Finder International   |g 3338.00  |l 0  |o 005.265 HAL  |p 3010045321  |r 2026-01-29  |t 6  |v 6676.00  |w 2026-01-29  |y BK  |x Requisitioned by Md. Imran Bin Azad (Senior Lecturer, Department of Computer Science and Engineering, BRAC University) for the course named - Algorithms Theory & Algorithms Laboratory(CSE221) 
952 |0 0  |1 0  |2 ddc  |4 0  |6 005_265000000000000_HAL  |7 0  |9 78734  |a BRACUL  |b BRACUL  |c NEW  |d 2026-01-29  |e Hye Trade International  |g 3338.00  |l 0  |o 005.265 HAL  |p 3010045319  |r 2026-01-29  |t 4  |v 6676.00  |w 2026-01-29  |y BK  |x Requisitioned by Md. Imran Bin Azad (Senior Lecturer, Department of Computer Science and Engineering, BRAC University) for the course named - Algorithms Theory & Algorithms Laboratory (CSE221) 
952 |0 0  |1 0  |2 ddc  |4 0  |6 005_265000000000000_HAL  |7 0  |9 78735  |a BRACUL  |b BRACUL  |c GEN  |d 2026-01-29  |e Hye Trade International  |g 3338.00  |l 1  |o 005.265 HAL  |p 3010045322  |q 2026-06-02  |r 2026-05-21  |s 2026-05-21  |t 7  |v 6676.00  |w 2026-01-29  |y BK  |x Requisitioned by Md. Imran Bin Azad (Senior Lecturer, Department of Computer Science and Engineering, BRAC University) for the course named - Algorithms Theory & Algorithms Laboratory (CSE221)